000 00930nas a2200325 4500
001 BR8705452
003 BR-BrBNA
005 20231205090759.0
007 ta
008 230509b bl.|||p| |||| 00| 00por d
040 _aBR-BrBNA
_bpor
_cBiblioteca Nacional de Agricultura
041 _a(En)
072 _aF60; L73
100 1 _aAoyama, H.
100 1 _aLitvak, S.
245 1 _aRNA - dependent activity for wheat germ DNA polymerase A
246 1 _aRNA - dependent activity for wheat germ DNA polymerase A
650 _aGERME DE TRIGO
650 _aENZIMA
650 _aANALISE QUIMICA
650 _aBIOQUIMICA
650 _aRNA
650 _aDNA
650 _aAVE DOMESTICA
650 _aLEUCOSE
650 _aVIRUS
773 0 _tArquivos de Biologia e Tecnologia (Brazil)
_xISSN 0365-0979
_g(Apr 1986), v. 29(2) p. 267-278
_wBR8705452
909 _a202311
_bLúcia
_c55
_dLúcia Elande
942 _2AGRIS
_n0
_cANA
999 _c120804
_d120804